Conservation biology : Foundations, concepts, applications

The book focuses on the preservation of worldwide biodiversity through the conservation of habitats and restoration of ecosystems. It assumes a basic knowledge of cellular, organismal, and ecosystem functions and characteristics, complemented by a basic understanding of reproductive biology, includi...

Disgrifiad llawn

Wedi'i Gadw mewn:
Manylion Llyfryddiaeth
Prif Awdur: Dyke, Fred Van
Fformat: Llyfr
Iaith:Undetermined
Cyhoeddwyd: Boston, MA McGraw-Hil 2003
Pynciau:
Tagiau: Ychwanegu Tag
Dim Tagiau, Byddwch y cyntaf i dagio'r cofnod hwn!
Thư viện lưu trữ: Trung tâm Học liệu Trường Đại học Cần Thơ
LEADER 00974nam a2200217Ia 4500
001 CTU_126441
008 210402s9999 xx 000 0 und d
020 |c 81.17 
082 |a 333.9516 
082 |b D997 
100 |a Dyke, Fred Van 
245 0 |a Conservation biology : 
245 0 |b Foundations, concepts, applications 
245 0 |c Fred Van Dyke ; Editorial consultant: Krista L. Clements 
260 |a Boston, MA 
260 |b McGraw-Hil 
260 |c 2003 
520 |a The book focuses on the preservation of worldwide biodiversity through the conservation of habitats and restoration of ecosystems. It assumes a basic knowledge of cellular, organismal, and ecosystem functions and characteristics, complemented by a basic understanding of reproductive biology, including the characteristics of DNA and its replication and mutation 
650 |a Conservation biology. 
904 |i Minh, Huỳnh Mai 
980 |a Trung tâm Học liệu Trường Đại học Cần Thơ